00826nam a2200205 i 450000100060000000300090000600500170001500700030003200800410003510000370007624501280011326000720024130000210031370000440033470000350037871000370041385200320045099900170048295201210049935504ES-MaACL20230906155136.0t|030213s1981 sp ||||1| spa d1 aBosque Maurel, Joaquín.93070010aPresente y futuro de la economía andaluza / cJoaquín Bosque Maurel, José Mª Casado Raigón, Rafael Illescas Ortiz. a[S.l. : bs.n., c1981] (eCórdoba : fAyuntamiento de Córdoba) a63 p. ; c28 cm.1 aCasado Raigón, José María.9360261 aIllescas Ortiz, Rafael.9651931 aCórdoba. bAyuntamiento.93298 aES-MaACLjL-1564 bR.102199 c35504d35504 00104070aATENEOMbATENEOMcDEPO2d2008-01-17eSCl0oL-1564p1037155r2023-02-23 00:00:00w2023-02-23yMONOGRAFIA